[Event "Sparkassen-Open B"]
[Site "Heusenstamm, Martinsee"]
[Date "2019.11.23"]
[Round "5.65"]
[White "Matsoukas, Konstantinos"]
[Black "Follert, Christian"]
[Result "0-1"]
[WhiteElo "1069"]
[BlackElo "1392"]
[PlyCount "174"]
[EventDate "2019.??.??"]
[WhiteTeam "Frankfurter TV"]
[BlackTeam "SF Seligenstadt"]

1. e4 c5 2. Nf3 Nc6 3. d4 cxd4 4. Nxd4 Nf6 5. Nc3 g6 6. Bb5 a6 7. Ba4 b5 8. Bb3
b4 9. Nd5 Bb7 10. Nxf6+ exf6 11. O-O Bc5 12. Be3 Nxd4 13. Bxd4 d6 14. Bxc5 dxc5
15. Re1 O-O 16. Qg4 Qb6 17. Re3 Bc8 18. Qg3 Bb7 19. h4 Rfe8 20. h5 g5 21. e5 h6
22. Kh1 Re7 23. f4 Rd8 24. fxg5 fxg5 25. Rf3 Bxf3 26. Qxf3 Rd4 27. g3 c4 28. c3
Rd3 29. Qa8+ Qd8 30. Qxd8+ Rxd8 31. Bxc4 bxc3 32. bxc3 a5 33. Rf1 Rc8 34. Bb3
Rxc3 35. g4 Re3 36. Rf6 Kg7 37. Ra6 R3xe5 38. Kg2 Rd7 39. Kf2 f5 40. gxf5 Rxf5+
41. Kg3 Rd3+ 42. Kg2 Rd2+ 43. Kg1 Rc5 44. Ra7+ Kf8 45. Ra8+ Ke7 46. Ra7+ Kd8
47. Ra8+ Kc7 48. Ra7+ Kb6 49. Rf7 Rc1+ 50. Rf1 Rxf1+ 51. Kxf1 Rh2 52. Bf7 Rh4
53. Kg2 Rf4 54. Bg6 Rf6 55. Kg3 Kc6 56. Kg4 Kd6 57. Kg3 Ke6 58. Kg4 Ke7 59. Kg3
Kf8 60. Kg4 Kg7 61. Kg3 Rxg6 62. hxg6 Kxg6 63. Kg4 h5+ 64. Kg3 Kf5 65. Kf3 a4
66. a3 Ke5 67. Ke3 Kd5 68. Kd3 Kc5 69. Ke3 Kc4 70. Kd2 Kb3 71. Kd3 Kxa3 72. Kd2
Kb2 73. Kd3 a3 74. Ke4 a2 75. Kf5 a1=Q 76. Kxg5 Qa5+ 77. Kf4 Kc2 78. Ke4 h4 79.
Kf4 h3 80. Kg3 Qa3+ 81. Kf4 h2 82. Ke5 h1=Q 83. Kf5 Qd3+ 84. Ke5 Qhe4+ 85. Kf6
Qd6+ 86. Kf7 Qee7+ 87. Kg8 Qdd8# 0-1

[Event "Sparkassen-Open B"]
[Site "Heusenstamm, Martinsee"]
[Date "2019.11.23"]
[Round "5.67"]
[White "Kehrein, Lothar"]
[Black "Dixon, Laura Michaela"]
[Result "0-1"]
[WhiteElo "981"]
[BlackElo "1272"]
[PlyCount "56"]
[EventDate "2019.??.??"]
[WhiteTeam "SK Gau-Algesheim"]
[BlackTeam "VSG Offenbach"]

1. e4 e5 2. Nf3 Nc6 3. Bc4 Bc5 4. O-O d6 5. c3 Bg4 6. d4 exd4 7. h3 Bh5 8. g4
Bg6 9. cxd4 Bb4 10. Ng5 h6 11. Nf3 Nge7 12. Qe2 Qd7 13. Nc3 h5 14. Ng5 Nxd4 15.
Qd2 Ndc6 16. Qf4 Ne5 17. Bb3 hxg4 18. Nd5 N7c6 19. Qf6 gxf6 20. Nxf6+ Ke7 21.
Nxd7 Kxd7 22. hxg4 f6 23. Ne6 Nf3+ 24. Kg2 Bxe4 25. Kg3 Nce5 26. Rd1 Rh4 27.
Nd4 Rxg4+ 28. Kh3 Rh8+ 0-1

[Event "Sparkassen-Open B"]
[Site "Heusenstamm, Martinsee"]
[Date "2019.11.23"]
[Round "5.69"]
[White "Wohlgemuth, Wolfgang"]
[Black "Carvelli, Nicolas"]
[Result "0-1"]
[WhiteElo "1190"]
[BlackElo "1459"]
[PlyCount "114"]
[EventDate "2019.??.??"]
[WhiteTeam "TG Biberach"]
[BlackTeam "SF Seligenstadt"]

1. d4 d5 2. c4 e6 3. a3 Nf6 4. Nc3 g6 5. Bg5 Bg7 6. e4 dxe4 7. Nxe4 Nbd7 8. Qd2
O-O 9. Bd3 b6 10. Nh3 Bb7 11. f3 Qc8 12. O-O Rd8 13. Qf4 Nh5 14. Qe3 Re8 15.
Nhf2 Nhf6 16. Rae1 Nxe4 17. Nxe4 Nb8 18. Bh6 Bh8 19. Qg5 Bxd4+ 20. Kh1 Qd8 21.
Qf4 Bxb2 22. Rd1 Bg7 23. Bxg7 Kxg7 24. Ng5 Qe7 25. Rfe1 Nc6 26. Re2 Rad8 27.
Re3 Rd4 28. Re4 Red8 29. Qe3 Qd6 30. Rxd4 Qxd4 31. Qxd4+ Rxd4 32. Ne4 Ne5 33.
Bc2 Rxd1+ 34. Bxd1 Nxc4 35. a4 Nb2 36. Bb3 Bd5 37. Bxd5 exd5 38. Nc3 d4 39. Nb5
d3 40. Nc3 d2 41. Kg1 d1=Q+ 42. Nxd1 Nxd1 43. Kf1 Nc3 44. a5 Kf6 45. Ke1 Ke5
46. Kd2 Kd4 47. axb6 axb6 48. Kc2 Kc4 49. h4 c5 50. g3 Nd5 51. Kd2 b5 52. g4
Kb3 53. Kc1 c4 54. Kb1 c3 55. h5 Nf4 56. hxg6 hxg6 57. g5 Nd3 0-1

[Event "Sparkassen-Open B"]
[Site "Heusenstamm, Martinsee"]
[Date "2019.11.23"]
[Round "5.70"]
[White "Bondarevsky, David"]
[Black "Deiringer, Julius"]
[Result "1-0"]
[WhiteElo "1403"]
[BlackElo "1181"]
[PlyCount "127"]
[EventDate "2019.??.??"]
[WhiteTeam "TuS Makkabi"]
[BlackTeam "SV Jedesheim"]

1. e4 e5 2. Nf3 Nf6 3. Nc3 Nc6 4. Bc4 Nxe4 5. Nxe4 d5 6. Bxd5 Qxd5 7. d3 Bf5 8.
Nc3 Qd7 9. h3 Bc5 10. Be3 Bxe3 11. fxe3 Qe7 12. e4 Bd7 13. a3 Nd4 14. Nd5 Qd6
15. Nxd4 exd4 16. Qf3 c6 17. Nf4 Qc5 18. Qf2 O-O 19. O-O Qb6 20. c3 dxc3 21.
Qxb6 axb6 22. bxc3 Ra5 23. Rfb1 b5 24. Ra2 Rfa8 25. Rba1 g5 26. Ne2 Be6 27. Rc2
Rxa3 28. Rxa3 Rxa3 29. Nd4 Ra2 30. Rc1 Rd2 31. Nxe6 fxe6 32. d4 Re2 33. e5 Ra2
34. Kh2 Kg7 35. Rf1 Ra8 36. Kg3 h5 37. h4 g4 38. Kh2 b6 39. Rf6 Re8 40. Kg3 c5
41. Rf4 Rf8 42. Rxf8 Kxf8 43. Kf4 b4 44. cxb4 cxb4 45. Ke3 Kf7 46. Kd3 Kg6 47.
Kc4 Kf5 48. Kxb4 Ke4 49. Kc4 b5+ 50. Kc5 b4 51. d5 b3 52. dxe6 b2 53. e7 b1=Q
54. e8=Q Qc2+ 55. Kd6 Qd3+ 56. Ke6 Qd5+ 57. Kf6 Qd6+ 58. Qe6 Qd8+ 59. Kg6 Qxh4
60. Qf5+ Ke3 61. Qxh5 Qf2 62. Qxg4 Qc2+ 63. Kg5 Qh7 64. Qh3+ 1-0

[Event "Sparkassen-Open B"]
[Site "Heusenstamm, Martinsee"]
[Date "2019.11.23"]
[Round "5.71"]
[White "Mook, Karl-Jürgen"]
[Black "Neininger, Sarah"]
[Result "1-0"]
[WhiteElo "1513"]
[BlackElo "1255"]
[PlyCount "79"]
[EventDate "2019.??.??"]
[WhiteTeam "SC Sulzbach"]
[BlackTeam "SV Oberursel"]

1. e4 d5 2. exd5 Nf6 3. c4 c6 4. Qa4 Bd7 5. Qb3 cxd5 6. cxd5 b6 7. Nc3 g6 8. g3
Bg7 9. Bg2 O-O 10. Nge2 Qc8 11. O-O Bh3 12. d3 Bxg2 13. Kxg2 Rd8 14. Bf4 Qb7
15. Kg1 Nxd5 16. Nxd5 Rxd5 17. Rad1 e5 18. Be3 Rd8 19. Nc3 Nc6 20. Ne4 Nd4 21.
Bxd4 exd4 22. Ng5 Rac8 23. Rfe1 Bh6 24. Ne4 Kh8 25. Nf6 Bg7 26. Ne4 Re8 27. Ng5
Kg8 28. Ne4 Re7 29. Nd6 Rxe1+ 30. Rxe1 Qd7 31. Nxc8 Qxc8 32. Qd5 Qf5 33. Qd8+
Bf8 34. Re8 Qc5 35. Qc8 Qd6 36. Rd8 Qe7 37. Qd7 Qe1+ 38. Kg2 Qb4 39. Qxa7 Qxb2
40. Qe7 1-0

[Event "Sparkassen-Open B"]
[Site "Heusenstamm, Martinsee"]
[Date "2019.11.23"]
[Round "5.72"]
[White "Merz, Leander"]
[Black "Werner, Florin"]
[Result "0-1"]
[WhiteElo "1164"]
[BlackElo "1297"]
[PlyCount "112"]
[EventDate "2019.??.??"]
[WhiteTeam "Schachforum Darmstadt"]
[BlackTeam "VSG Offenbach"]

1. d4 d5 2. c4 e6 3. Nc3 Nf6 4. e3 c5 5. Nf3 Nc6 6. Bd3 Be7 7. Bd2 Bd7 8. h3
Rc8 9. Qb3 cxd4 10. exd4 Na5 11. Qc2 dxc4 12. Be4 Nxe4 13. Qxe4 Nc6 14. d5 exd5
15. Nxd5 Be6 16. Nxe7 Qxe7 17. O-O Rd8 18. Rfe1 Rd7 19. Bg5 f6 20. Qxe6 fxg5
21. Qxe7+ Rxe7 22. Rxe7+ Kxe7 23. Nxg5 h6 24. Nf3 Kf7 25. Re1 Re8 26. Rc1 Re2
27. Rb1 b5 28. Kf1 Rc2 29. Ne1 Rd2 30. Nf3 Rd8 31. b3 c3 32. Rc1 b4 33. Ke2
Nd4+ 34. Nxd4 Rxd4 35. Rc2 Kf6 36. Ke3 Rd8 37. f4 g5 38. fxg5+ hxg5 39. Ke2 Kf5
40. g3 g4 41. h4 Ke4 42. a3 a5 43. a4 Rd3 44. Kf2 Rf3+ 45. Ke2 Rxg3 46. Rc1 Rh3
47. Rg1 Rxh4 48. Rg3 Rh2+ 49. Kd1 Kf4 50. Rd3 g3 51. Rd8 g2 52. Rf8+ Ke5 53.
Ke2 g1=Q+ 54. Kf3 Rf2+ 55. Ke3 Qe1+ 56. Kd3 Qe4# 0-1

[Event "Sparkassen-Open B"]
[Site "Heusenstamm, Martinsee"]
[Date "2019.11.23"]
[Round "5.73"]
[White "Tobias, Karolin"]
[Black "Lochmann, Tobias"]
[Result "1-0"]
[WhiteElo "1261"]
[BlackElo "1158"]
[PlyCount "37"]
[EventDate "2019.??.??"]
[WhiteTeam "SV Oberursel"]
[BlackTeam "SV Groß-Gerau"]

1. e4 e5 2. Nf3 Nc6 3. Bc4 Nf6 4. d3 g6 5. O-O Bg7 6. Be3 O-O 7. Nc3 d6 8. d4
exd4 9. Nxd4 Na5 10. Bd3 Bg4 11. Qd2 c5 12. Ndb5 a6 13. Na3 c4 14. Nxc4 Be6 15.
Nxa5 Qxa5 16. Rfe1 Qh5 17. Be2 Ng4 18. h3 Ne5 19. Bxh5 1-0

[Event "Sparkassen-Open B"]
[Site "Heusenstamm, Martinsee"]
[Date "2019.11.24"]
[Round "6.1"]
[White "Goff, Simon"]
[Black "Raghavan, Badrinarayanan"]
[Result "1/2-1/2"]
[WhiteElo "1780"]
[BlackElo "1642"]
[PlyCount "72"]
[EventDate "2019.??.??"]
[WhiteTeam "SK Gießen"]
[BlackTeam "SK Gießen"]

1. Nf3 d5 2. d4 Nf6 3. Bf4 c5 4. e3 Nc6 5. Nc3 a6 6. Be2 Bf5 7. Ne5 Qb6 8. Na4
Qa5+ 9. c3 cxd4 10. exd4 e6 11. g4 Bg6 12. h4 h6 13. Nxg6 fxg6 14. Bd3 Kf7 15.
Bc2 b5 16. Nc5 Bxc5 17. dxc5 e5 18. g5 hxg5 19. Bxg5 Rad8 20. Rg1 Ne7 21. Qd3
b4 22. Be3 d4 23. Bb3+ Nfd5 24. cxd4 exd4 25. Bxd4 Rxh4 26. O-O-O Kf8 27. Qc4
Ke8 28. Rge1 g5 29. Qd3 Kf8 30. Re5 Nf6 31. Qc4 Ned5 32. Rxg5 Qc7 33. Rf5 Qc6
34. Qe2 Rxd4 35. Bxd5 Qxc5+ 36. Kb1 R4xd5 1/2-1/2

[Event "Sparkassen-Open B"]
[Site "Heusenstamm, Martinsee"]
[Date "2019.11.24"]
[Round "6.2"]
[White "Suliga, Eckhard"]
[Black "Weyerer, Noah"]
[Result "1/2-1/2"]
[WhiteElo "1656"]
[BlackElo "1362"]
[PlyCount "87"]
[EventDate "2019.??.??"]
[WhiteTeam "SC Lüneburg"]
[BlackTeam "SV Oberursel"]

1. e4 e6 2. d4 d5 3. Nc3 Nf6 4. Bg5 dxe4 5. Nxe4 Nbd7 6. Nf3 Be7 7. Nxf6+ Bxf6
8. Bxf6 Qxf6 9. Bd3 c5 10. c3 cxd4 11. Nxd4 a6 12. Qf3 Qxf3 13. Nxf3 Nc5 14.
Bc2 Ke7 15. Ke2 Bd7 16. Rhd1 f6 17. Rd2 e5 18. Ke3 Bc6 19. Rad1 g6 20. g3 Bxf3
21. Kxf3 Rad8 22. Rxd8 Rxd8 23. Rxd8 Kxd8 24. h4 Ke7 25. b4 Ne6 26. a4 b6 27.
h5 f5 28. hxg6 hxg6 29. Ke3 Kd6 30. Bb3 g5 31. f3 f4+ 32. gxf4 gxf4+ 33. Kd3
Ng5 34. Bd1 Nh3 35. Ke2 e4 36. fxe4 Ke5 37. Bc2 Ng5 38. a5 b5 39. Bd3 Nxe4 40.
c4 bxc4 41. Bxc4 Nc3+ 42. Kf3 Nd5 43. Bxa6 Nxb4 44. Bf1 1/2-1/2

[Event "Sparkassen-Open B"]
[Site "Heusenstamm, Martinsee"]
[Date "2019.11.24"]
[Round "6.3"]
[White "Eremenko, Christian"]
[Black "Behr, Julian"]
[Result "1-0"]
[WhiteElo "1768"]
[BlackElo "1562"]
[PlyCount "57"]
[EventDate "2019.??.??"]
[WhiteTeam "SV Großauheim"]
[BlackTeam "SC Landskrone"]

1. e4 e5 2. Bc4 Bc5 3. Nf3 Nc6 4. O-O Nf6 5. d3 O-O 6. Bg5 d6 7. Nc3 h6 8. Bh4
Bg4 9. Nd5 g5 10. Bg3 Nd4 11. c3 Nxf3+ 12. gxf3 Bh3 13. Re1 Nxd5 14. Bxd5 c6
15. Bb3 Kg7 16. d4 exd4 17. cxd4 Bb4 18. Re3 Rh8 19. Qd3 Ba5 20. f4 Bb6 21. Bh4
Bd7 22. fxg5 Kf8 23. Rf3 hxg5 24. Rxf7+ Ke8 25. Bg3 d5 26. Rg7 Kf8 27. Be5 Rh3
28. Qd2 Bc7 29. Qb4+ 1-0

[Event "Sparkassen-Open B"]
[Site "Heusenstamm, Martinsee"]
[Date "2019.11.24"]
[Round "6.4"]
[White "Buchinger, Alexis"]
[Black "Lasschuit, Rene"]
[Result "0-1"]
[WhiteElo "1399"]
[BlackElo "1761"]
[PlyCount "88"]
[EventDate "2019.??.??"]
[WhiteTeam "SF Neuberg"]
[BlackTeam "SV Berolina Mitte"]

1. d4 d5 2. c4 dxc4 3. e3 Be6 4. Nc3 Nf6 5. Nf3 c6 6. Ne5 Nbd7 7. Bxc4 Bxc4 8.
Nxc4 b5 9. Nd2 a6 10. e4 e5 11. dxe5 Nxe5 12. O-O Bc5 13. Nb3 Bb6 14. Bg5 O-O
15. Qxd8 Bxd8 16. f4 Nd3 17. Bxf6 Bxf6 18. e5 Bd8 19. Rab1 Bb6+ 20. Kh1 Nf2+
21. Kg1 Nh3+ 22. Kh1 Nf2+ 23. Kg1 Nd3+ 24. Kh1 Rfd8 25. g3 c5 26. Nc1 c4 27.
Nxd3 Rxd3 28. Rbd1 Rad8 29. Rxd3 cxd3 30. Rd1 Kf8 31. Ne4 Rd5 32. Nd6 f6 33.
Nc8 Bc5 34. exf6 gxf6 35. a3 a5 36. b4 axb4 37. axb4 Bxb4 38. Nb6 Rd6 39. Nc8
Rd5 40. Nb6 Rd4 41. Kg2 Ba5 42. Nc8 d2 43. Na7 Re4 44. Kf1 Re1+ 0-1

[Event "Sparkassen-Open B"]
[Site "Heusenstamm, Martinsee"]
[Date "2019.11.24"]
[Round "6.5"]
[White "Treiber, Volker"]
[Black "Röth, Alexander"]
[Result "1-0"]
[WhiteElo "1692"]
[BlackElo "1634"]
[PlyCount "115"]
[EventDate "2019.??.??"]
[WhiteTeam "SK Lohr"]
[BlackTeam "Schachforum Darmstadt"]

1. d4 d5 2. Bf4 Nf6 3. e3 c5 4. c3 Nc6 5. Bd3 Qb6 6. Qc1 Bg4 7. h3 Bh5 8. Nd2
e6 9. Ngf3 Rc8 10. Qb1 Bg6 11. O-O Be7 12. dxc5 Bxc5 13. Bxg6 hxg6 14. Nb3 Be7
15. Qd3 O-O 16. Ne5 Nxe5 17. Bxe5 Nd7 18. Bg3 Nf6 19. Rfe1 Bd6 20. Bxd6 Qxd6
21. e4 Qb6 22. e5 Ne4 23. Qe3 Rc4 24. Qxb6 axb6 25. Nd4 Rc5 26. Re2 Ra8 27. h4
Ra4 28. Kh2 Rc8 29. Nb5 Nc5 30. Nd4 Rca8 31. a3 Nd3 32. g3 Rc8 33. Kg2 Nc5 34.
Rh1 Ne4 35. f3 Nc5 36. h5 gxh5 37. Rxh5 g6 38. Rh1 Kg7 39. Kf2 Raa8 40. Ke3 Rh8
41. Rc1 Rhc8 42. Rec2 Nd7 43. f4 Ra4 44. Rh1 Raa8 45. Nb5 f6 46. Rch2 Rh8 47.
Rxh8 Rxh8 48. Rxh8 Kxh8 49. exf6 Nxf6 50. Nd4 Ne4 51. g4 Nd6 52. Nxe6 Nc4+ 53.
Kd4 Nxb2 54. Kxd5 Nd3 55. f5 gxf5 56. gxf5 Kg8 57. Kc4 Ne5+ 58. Kd5 1-0

[Event "Sparkassen-Open B"]
[Site "Heusenstamm, Martinsee"]
[Date "2019.11.24"]
[Round "6.6"]
[White "Gude, Michael"]
[Black "Rashed, Mohammed"]
[Result "1-0"]
[WhiteElo "1685"]
[BlackElo "1566"]
[PlyCount "109"]
[EventDate "2019.??.??"]
[WhiteTeam "Frankfurter TV"]
[BlackTeam "Sfr. Mörfelden"]

1. e4 c5 2. c3 g6 3. d4 cxd4 4. cxd4 Bg7 5. Nf3 d5 6. e5 Qb6 7. h3 Nc6 8. Nc3
e6 9. Bb5 a6 10. Ba4 Nge7 11. Bc2 O-O 12. O-O f6 13. Na4 Qc7 14. exf6 Rxf6 15.
Bg5 Rf7 16. Rc1 Bd7 17. Nc5 b6 18. Nxd7 Qxd7 19. Re1 Raf8 20. Be3 Nf5 21. Bxf5
Rxf5 22. Qa4 Rc8 23. Qxa6 Qc7 24. a3 Rff8 25. Qd3 Qd6 26. Red1 Na5 27. Rxc8
Rxc8 28. Nd2 Nc4 29. Nxc4 dxc4 30. Qc3 b5 31. g3 Qd5 32. Rd2 Qf5 33. Kg2 Qd5+
34. Kh2 Qf3 35. Bf4 Qxc3 36. bxc3 Bf8 37. Re2 Kf7 38. Bc1 Ra8 39. Kg2 Bxa3 40.
Ra2 b4 41. cxb4 Bxc1 42. Rxa8 c3 43. b5 Bb2 44. Ra7+ Ke8 45. Rc7 Kd8 46. Rc4 c2
47. Rxc2 Bxd4 48. Rd2 e5 49. Kf3 Kc7 50. Rxd4 exd4 51. Ke4 d3 52. Kxd3 Kb6 53.
Ke4 Kxb5 54. Ke5 Kc6 55. Kf6 1-0

[Event "Sparkassen-Open B"]
[Site "Heusenstamm, Martinsee"]
[Date "2019.11.24"]
[Round "6.7"]
[White "Fischer, Lutz"]
[Black "Denz, Markus"]
[Result "1-0"]
[WhiteElo "1679"]
[BlackElo "1400"]
[PlyCount "57"]
[EventDate "2019.??.??"]
[WhiteTeam "SF Frankfurt"]
[BlackTeam "SC Hattersheim"]

1. e4 e5 2. Nf3 Nc6 3. Bb5 a6 4. Ba4 Nf6 5. d3 d6 6. c3 g6 7. O-O Bg7 8. h3 b5
9. Bb3 O-O 10. a4 Bb7 11. axb5 axb5 12. Rxa8 Qxa8 13. Bg5 Na5 14. Bc2 c5 15.
Qd2 Rc8 16. Nh4 c4 17. f3 Ne8 18. d4 d5 19. exd5 exd4 20. cxd4 Bxd5 21. Nc3 Nd6
22. Qf4 Qc6 23. Bf6 Re8 24. Bxg7 Kxg7 25. Qg5 f5 26. Bxf5 Nxf5 27. Nxf5+ Kf8
28. Qh6+ Kg8 29. Qg7# 1-0

[Event "Sparkassen-Open B"]
[Site "Heusenstamm, Martinsee"]
[Date "2019.11.24"]
[Round "6.8"]
[White "Becker, Ralph"]
[Black "Leichum, Engelbert"]
[Result "1/2-1/2"]
[WhiteElo "1706"]
[BlackElo "1587"]
[PlyCount "68"]
[EventDate "2019.??.??"]
[WhiteTeam "SC Paimar"]
[BlackTeam "vereinslos"]

1. g3 c6 2. Bg2 d6 3. d3 e5 4. c4 Bg4 5. Nc3 Nd7 6. Nf3 Be7 7. Be3 Ngf6 8. O-O
Qc7 9. Rc1 a5 10. a3 Nc5 11. b4 axb4 12. axb4 Ne6 13. Qb3 O-O 14. b5 Nd7 15.
Ra1 f5 16. Rfb1 Bxf3 17. Bxf3 Nd4 18. Bxd4 exd4 19. Na4 c5 20. Ra2 Ne5 21. Bd5+
Kh8 22. Rba1 Rab8 23. b6 Qd8 24. Nb2 f4 25. Ra7 fxg3 26. hxg3 Bh4 27. Rxb7 Qg5
28. Rxb8 Rxb8 29. Ra8 Rxa8 30. Bxa8 Bxg3 31. fxg3 Qxg3+ 32. Bg2 Ng4 33. Nd1
Qe1+ 34. Bf1 Qg3+ 1/2-1/2

[Event "Sparkassen-Open B"]
[Site "Heusenstamm, Martinsee"]
[Date "2019.11.24"]
[Round "6.9"]
[White "Traut, Stefan"]
[Black "Bauer, Ottmar"]
[Result "0-1"]
[WhiteElo "1585"]
[BlackElo "1782"]
[PlyCount "62"]
[EventDate "2019.??.??"]
[WhiteTeam "SF Heusenstamm"]
[BlackTeam "TSV Rottendorf"]

1. d4 d5 2. Nf3 Bf5 3. e3 c6 4. c4 e6 5. Nc3 Nf6 6. Nh4 Bg6 7. Be2 Nbd7 8. g3
Be7 9. Nxg6 hxg6 10. b3 Qc7 11. Bb2 O-O-O 12. Qc2 Rh6 13. h3 Rdh8 14. Bf1 Bb4
15. O-O-O Bxc3 16. Bxc3 Ne4 17. Be1 f5 18. Bg2 Ndf6 19. Kb1 Kb8 20. Rc1 g5 21.
cxd5 exd5 22. b4 Rc8 23. Qb3 Qd7 24. f3 Nd6 25. Bf1 g4 26. f4 gxh3 27. Rxh3
Rxh3 28. Bxh3 Rh8 29. Bf1 Rh1 30. Bd3 Nfe4 31. a4 Rxe1 0-1

[Event "Sparkassen-Open B"]
[Site "Heusenstamm, Martinsee"]
[Date "2019.11.24"]
[Round "6.10"]
[White "Kirchner, Stefan"]
[Black "Meyer, Marcel"]
[Result "1-0"]
[WhiteElo "1575"]
[BlackElo "1777"]
[PlyCount "113"]
[EventDate "2019.??.??"]
[WhiteTeam "SF Schöneck"]
[BlackTeam "SC Herborn"]

1. e4 c6 2. Nc3 d5 3. Nf3 dxe4 4. Nxe4 Bg4 5. Be2 Nd7 6. h3 Bh5 7. Ng3 Bg6 8.
Nh4 e6 9. Nxg6 hxg6 10. d4 Ngf6 11. b3 Bd6 12. Bb2 Qc7 13. Qd3 Bxg3 14. Qxg3
Qxg3 15. fxg3 Ne4 16. g4 Ng3 17. Rg1 Nxe2 18. Kxe2 g5 19. Rae1 Nf6 20. Bc1 Nd5
21. Bxg5 O-O 22. c4 Nc3+ 23. Kd3 Nxa2 24. Bd2 a5 25. Ra1 Nb4+ 26. Bxb4 axb4 27.
Ra4 Rxa4 28. bxa4 Ra8 29. Ra1 Rd8 30. Ke4 Ra8 31. Kd3 Rd8 32. Ke4 Ra8 33. c5
Ra5 34. Kd3 e5 35. Kc4 exd4 36. Kxb4 Ra8 37. Kc4 Rd8 38. Rd1 Ra8 39. Kb4 Rd8
40. Ka5 Kf8 41. Kb6 Rd7 42. a5 Ke7 43. a6 bxa6 44. Kxa6 Ke6 45. Kb6 Kd5 46. Rf1
g6 47. h4 d3 48. h5 d2 49. h6 f5 50. g5 Rd8 51. Rd1 Rb8+ 52. Kc7 Rb4 53. Rxd2+
Kxc5 54. Rd6 Rg4 55. Rxc6+ Kd5 56. Rxg6 Rxg2 57. h7 1-0

[Event "Sparkassen-Open B"]
[Site "Heusenstamm, Martinsee"]
[Date "2019.11.24"]
[Round "6.11"]
[White "Draxler, Gottfried"]
[Black "Wu, Sifan"]
[Result "0-1"]
[WhiteElo "1762"]
[BlackElo "1574"]
[PlyCount "78"]
[EventDate "2019.??.??"]
[WhiteTeam "SF Neuberg"]
[BlackTeam "SV Oberursel"]

1. c4 c5 2. g3 Nf6 3. Bg2 Nc6 4. Nc3 e6 5. a3 Be7 6. e3 d5 7. cxd5 exd5 8. d4
cxd4 9. exd4 O-O 10. Nge2 Na5 11. O-O b6 12. Re1 Bb7 13. Nf4 Re8 14. Nd3 Qc7
15. Bf4 Qc4 16. Ne5 Qb3 17. Qxb3 Nxb3 18. Rad1 Bf8 19. Be3 Rac8 20. Bh3 Rcd8
21. Nd3 Na5 22. Bc1 Ne4 23. Nb1 Bc6 24. f3 Nd6 25. Nc3 Rxe1+ 26. Rxe1 Nb3 27.
Be3 Nc4 28. Re2 Nxe3 29. Rxe3 Nxd4 30. Nb4 Bxb4 31. axb4 Nc2 32. Re7 Nxb4 33.
Rxa7 d4 34. Ne4 Bxe4 35. fxe4 g6 36. Kf1 d3 37. Rd7 Rxd7 38. Bxd7 Nc2 39. Bb5
d2 0-1

[Event "Sparkassen-Open B"]
[Site "Heusenstamm, Martinsee"]
[Date "2019.11.24"]
[Round "6.12"]
[White "von Beckh, Frieda"]
[Black "Hegel, Jonas"]
[Result "0-1"]
[WhiteElo "1415"]
[BlackElo "1616"]
[PlyCount "22"]
[EventDate "2019.??.??"]
[WhiteTeam "SK Bad Homburg"]
[BlackTeam "SC Peiting"]

1. e4 e6 2. d4 d5 3. Nc3 Nf6 4. exd5 exd5 5. Bg5 c6 6. Bd3 Bd6 7. Qd2 h6 8. Bh4
Nbd7 9. O-O-O O-O 10. Nf3 Bc7 11. h3 Bf4 0-1

[Event "Sparkassen-Open B"]
[Site "Heusenstamm, Martinsee"]
[Date "2019.11.24"]
[Round "6.13"]
[White "Stepanov, Maximilian"]
[Black "Bursch, Alexander"]
[Result "1/2-1/2"]
[WhiteElo "1561"]
[BlackElo "1699"]
[PlyCount "135"]
[EventDate "2019.??.??"]
[WhiteTeam "SK Gräfelfing"]
[BlackTeam "SV Hennef"]

1. d4 Nf6 2. Nf3 g6 3. Bg5 d5 4. c4 Bg7 5. Nc3 O-O 6. e3 Be6 7. c5 b6 8. b4
bxc5 9. bxc5 Re8 10. Bd3 Bg4 11. h3 Bxf3 12. Qxf3 c6 13. O-O Nbd7 14. Qd1 Qa5
15. Rc1 Rab8 16. f4 Rb2 17. Rc2 Reb8 18. Rff2 Qa3 19. Rxb2 Rxb2 20. Rxb2 Qxb2
21. Qc2 Qa3 22. Nb1 Qa5 23. Bh4 Nh5 24. Kf1 Bf6 25. Be1 Qc7 26. g3 e6 27. Nc3
Qa5 28. Ne2 Qc7 29. Qa4 Bd8 30. Qb3 Qb8 31. Qxb8 Nxb8 32. a4 Ng7 33. Nc1 f5 34.
Nb3 Ne8 35. Nc1 h5 36. Be2 Kf7 37. Nd3 Kg7 38. Ne5 Nf6 39. g4 hxg4 40. hxg4
Nfd7 41. Nd3 Kf7 42. g5 Ke7 43. Bc3 Ke8 44. Ke1 Bc7 45. Kd2 Kd8 46. Kc2 Kc8 47.
Kb3 Kb7 48. Nc1 Bd8 49. Na2 Bc7 50. a5 a6 51. Ka4 Bd8 52. Nb4 Bc7 53. Nd3 Bd8
54. Be1 Be7 55. Bd2 Kc8 56. Nb4 Kb7 57. Kb3 Bd8 58. Na2 Nf8 59. Kc2 Be7 60. Kd1
Kc8 61. Ke1 Bd8 62. Kf2 Kb7 63. Nc1 Be7 64. Kg3 Nbd7 65. Nd3 Bd8 66. Kh4 Bc7
67. Bh5 Kc8 68. Be2 1/2-1/2

[Event "Sparkassen-Open B"]
[Site "Heusenstamm, Martinsee"]
[Date "2019.11.24"]
[Round "6.14"]
[White "Zerhusen, Martin"]
[Black "Lietz, Helmuth"]
[Result "1-0"]
[WhiteElo "1691"]
[BlackElo "1519"]
[PlyCount "75"]
[EventDate "2019.??.??"]
[WhiteTeam "SV Oberursel"]
[BlackTeam "SC Taunusstein"]

1. d4 Nf6 2. c4 e6 3. Nc3 d5 4. e3 c6 5. Nf3 Nbd7 6. Bd3 dxc4 7. Bxc4 b5 8. Be2
Bb7 9. O-O Bd6 10. Bd2 O-O 11. Rb1 Rc8 12. b4 Bb8 13. Qc2 Qc7 14. g3 a6 15.
Rfc1 e5 16. dxe5 Nxe5 17. Nxe5 Qxe5 18. Bf3 Rc7 19. Ne4 Nxe4 20. Bxe4 f5 21.
Bg2 Rfc8 22. Qb3+ Kh8 23. Bc3 Qe8 24. Bd4 c5 25. Bxc5 Bxg2 26. Kxg2 Qe4+ 27.
Kg1 Ba7 28. Qd1 Bxc5 29. Rxc5 Rxc5 30. bxc5 h6 31. Rc1 Qe7 32. Qd5 Qe4 33. Qd6
Rc6 34. Qd4 Qe6 35. a4 Qb3 36. axb5 axb5 37. Qe5 Qd3 38. Qe8+ 1-0

[Event "Sparkassen-Open B"]
[Site "Heusenstamm, Martinsee"]
[Date "2019.11.24"]
[Round "6.15"]
[White "Heun, Andreas"]
[Black "Kähm, Kevin"]
[Result "1/2-1/2"]
[WhiteElo "1640"]
[BlackElo "1468"]
[PlyCount "33"]
[EventDate "2019.??.??"]
[WhiteTeam "SC Ladja Roßdorf"]
[BlackTeam "SK Bischofsheim"]

1. d4 Nf6 2. Bf4 e6 3. e3 b6 4. Nd2 Bb7 5. Ngf3 d5 6. Bd3 Nbd7 7. Qe2 Be7 8. e4
Nxe4 9. Nxe4 dxe4 10. Bxe4 Bxe4 11. Qxe4 O-O 12. Qc6 Rc8 13. O-O Nf6 14. c4 Bd6
15. Ne5 Nh5 16. Be3 f6 17. Nf3 1/2-1/2

[Event "Sparkassen-Open B"]
[Site "Heusenstamm, Martinsee"]
[Date "2019.11.24"]
[Round "6.16"]
[White "Bastian, Ben"]
[Black "Alt, Johannes"]
[Result "1-0"]
[WhiteElo "1632"]
[BlackElo "1200"]
[PlyCount "139"]
[EventDate "2019.??.??"]
[WhiteTeam "SC Herborn"]
[BlackTeam "SF Heidesheim"]

1. d4 Nf6 2. c4 g6 3. Nc3 Bg7 4. Nf3 O-O 5. e4 d6 6. Be3 b6 7. d5 c6 8. Nd4 c5
9. Nde2 Ng4 10. Qd2 Ne5 11. Ng3 f5 12. Be2 fxe4 13. Ncxe4 Nbd7 14. f4 Nf7 15.
f5 gxf5 16. Nxf5 Nde5 17. Nxg7 Kxg7 18. Ng5 Kg8 19. Ne6 Bxe6 20. dxe6 Nh8 21.
O-O-O Qc8 22. Qd5 Qc6 23. Bh6 Qxd5 24. cxd5 Rf2 25. Bh5 Nhg6 26. Rd2 Rxd2 27.
Kxd2 a5 28. Be2 Nh4 29. Rf1 a4 30. g3 Nhg6 31. h4 Rb8 32. h5 Nh8 33. Bf4 Kg7
34. Bxe5+ dxe5 35. Ke3 b5 36. Ke4 b4 37. Kxe5 a3 38. b3 Rc8 39. g4 Rd8 40. Rc1
Rf8 41. Rf1 Rd8 42. g5 Kg8 43. Bd3 Kg7 44. h6+ Kg8 45. Rg1 Ng6+ 46. Bxg6 hxg6
47. Rf1 Rc8 48. d6 exd6+ 49. Kxd6 c4 50. Rc1 Rd8+ 51. Kc5 cxb3 52. e7 Re8 53.
axb3 Rxe7 54. Kxb4 a2 55. Ka3 Re5 56. Rc8+ Kh7 57. Rc7+ Kh8 58. Kxa2 Rxg5 59.
Rg7 Ra5+ 60. Kb2 Rh5 61. Rxg6 Kh7 62. Rc6 Rb5 63. Kc3 Rb8 64. b4 Rb5 65. Kc4
Rb7 66. Kc5 Rb8 67. b5 Rb7 68. b6 Rb8 69. Kb5 Ra8 70. b7 1-0

[Event "Sparkassen-Open B"]
[Site "Heusenstamm, Martinsee"]
[Date "2019.11.24"]
[Round "6.17"]
[White "Dietl, Harald"]
[Black "Friedel, Thomas"]
[Result "1/2-1/2"]
[WhiteElo "1792"]
[BlackElo "1631"]
[PlyCount "47"]
[EventDate "2019.??.??"]
[WhiteTeam "SK Abensberg"]
[BlackTeam "SV Groß-Gerau"]

1. e4 e5 2. Nf3 d6 3. d4 exd4 4. Nxd4 Nf6 5. Nc3 Be7 6. Bf4 O-O 7. Bc4 Nc6 8.
Qd2 Nxd4 9. Qxd4 c6 10. O-O-O b5 11. Bb3 c5 12. Qd3 c4 13. Bxc4 bxc4 14. Qxc4
Be6 15. Qe2 Qa5 16. a3 Rfd8 17. Rhe1 Rac8 18. Qb5 Qc7 19. e5 Ne8 20. Qe2 Rb8
21. exd6 Bxd6 22. Bxd6 Nxd6 23. Qe5 Qb6 24. Na4 1/2-1/2